000 01457cam a22002174a 4500
005 20250605163944.0
008 250528s ||||||||||||||||||||||||d
035 _a15145
020 _a201857677
040 _aGR-AtMCL
_bgre
_dGR-AtMCL
_eAACR2
245 1 _aInternational Business / A Managerial Perspective: Second Edition
250 _a2nd
260 _bAddison-Wesley Publishing Company,
_c1999
300 _a810
520 _aIntroduction to International Business, An Overview of International Business, Global Marketplaces and Business Centers, International Trade and Investment Theory, The International Monetary System and the Balance of Payments, Foreign Exchange and Intwernational Financial Markets, Formulation of National Trade Policies, International Cooperation among Nations, Legal and Political Forces, The Role of Culture, International Strategic Mnanagement, Strategies for Analysing and Entering Foreign Markets, International Strategic Alliances, Organisation Design for International Business, Managing Behavior and Interpersonal Relations, Controlling the International Business, International Management, International Operations Management, International Finance Management, International Accounting and Taxation, International Human Resource Management and Labor Relations, Glossary, Index.
700 1 _aGriffin W. Ricky
_9949
700 1 _aPustay W. Michael
_91000
942 _cBK
999 _c739
_d739